El conflicto chino-soviético / (Record no. 89625)
[ view plain ]
| 000 -LEADER | |
|---|---|
| campo de control de longitud fija | 00831nam a2200253 i 4500 |
| 001 - NÚMERO DE CONTROL | |
| campo de control | 89625 |
| 003 - IDENTIFICADOR DE NÚMERO DE CONTROL | |
| campo de control | ES-MaACL |
| 005 - FECHA Y HORA DE LA ÚLTIMA TRANSACCIÓN | |
| campo de control | 20250804003410.0 |
| 007 - CAMPO FIJO DE DESCRIPCIÓN FÍSICA--INFORMACIÓN GENERAL | |
| campo de control de longitud fija | t| |
| 008 - DATOS DE LONGITUD FIJA--INFORMACIÓN GENERAL | |
| campo de control de longitud fija | 050111s1974 sp ||||1| spa d |
| 100 1# - ENTRADA PRINCIPAL--NOMBRE DE PERSONA | |
| Nombre de persona | Levesque, Jacques. |
| 9 (RLIN) | 71941 |
| 245 13 - MENCIÓN DEL TÍTULO | |
| Título | El conflicto chino-soviético / |
| Mención de responsabilidad, etc. | Jacques Levesque ; [traducción de Jordi García-Jacas]. |
| 250 ## - MENCION DE EDICION | |
| Mención de edición | [1ª ed.]. |
| 260 ## - PUBLICACIÓN, DISTRIBUCIÓN, ETC. | |
| Lugar de publicación, distribución, etc. | Barcelona : |
| Nombre del editor, distribuidor, etc. | Oikos-Tau, |
| Fecha de publicación, distribución, etc. | [1974] |
| 300 ## - DESCRIPCIÓN FÍSICA | |
| Extensión | 187 p. ; |
| Dimensiones | 18 cm. |
| 490 1# - MENCIÓN DE SERIE | |
| Mención de serie | Colección Libros de Bolsillo "Mini-Tau" ; |
| Designación de volumen o secuencia | 13 |
| 651 #4 - PUNTO DE ACCESO ADICIONAL DE MATERIA--NOMBRE GEOGRÁFICO | |
| Nombre geográfico | China- |
| Subdivisión general | Relaciones- |
| Subdivisión geográfica | Rusia. |
| 9 (RLIN) | 153673 |
| 651 #4 - PUNTO DE ACCESO ADICIONAL DE MATERIA--NOMBRE GEOGRÁFICO | |
| Nombre geográfico | Rusia- |
| Subdivisión general | Relaciones- |
| Subdivisión geográfica | China. |
| 9 (RLIN) | 153674 |
| 700 1# - ENTRADA AGREGADA--NOMBRE PERSONAL | |
| Nombre de persona | Garcia-Jacas, Jordi ( |
| Fechas asociadas al nombre | 1954-) |
| 9 (RLIN) | 155167 |
| 830 00 - PUNTO DE ACCESO ADICIONAL DE SERIE-TÍTULO UNIFORME | |
| Título uniforme | Libros de bolsillo "Mini-Tau" |
| Designación de volumen o secuencia | 13 |
| 9 (RLIN) | 231901 |
| 852 ## - LOCALIZACIÓN | |
| Ubicación | ES-MaACL |
| Número de control de estantería | E-6694 |
| 852 ## - LOCALIZACIÓN | |
| Ubicación | ES-MaACL |
| Número de control de estantería | E-9618 |
| Estatus retirado | Estado de pérdida | Estado de daño | No para préstamo | Biblioteca de origen | Biblioteca actual | Ubicación en estantería | Fecha de adquisición | Fuente de adquisición | Total de préstamos | Signatura topográfica completa | Código de barras | Visto por última vez | Precio de reemplazo | Tipo de ítem Koha |
|---|---|---|---|---|---|---|---|---|---|---|---|---|---|---|
| Biblioteca del Ateneo de Madrid | Biblioteca del Ateneo de Madrid | Depósito 2 | 17/01/2008 | E-6694 | 1093602 | 23/02/2023 | 23/02/2023 | Libro impreso | ||||||
| Biblioteca del Ateneo de Madrid | Biblioteca del Ateneo de Madrid | Depósito 2 | 15/10/2013 | E-9618 | 1192009 | 23/02/2023 | 23/02/2023 | Libro impreso |
